000 00818nam a2200253Ia 4500
003 OSt
005 20221005062209.0
006 a|||||r|||| 00| 0
007 ta
008 221004b |||||||| |||| 00| 0 ara d
020 _a0700715754 (hbk)
_c8253
024 _a114046
037 _b164/2011-12, 20/01/2012, Pioneer Books Distributors
_cTextual
040 _aCRL
_cCRL
_bara
041 _2ara
_aara
082 _aO28,1:gJ, P3
100 _aMeisami Julie Scott
_919700
245 0 _aStructure and meaning in medieval Arabic and Persian poetry
260 _aLondon
_bRoutledge UK
_c2003
300 _axiii,507p.
_ccm.
650 _aARABIC LITERATURE
942 _hO28,1:gJ, P3
_cTEXL
_2cc
999 _c969353
_d969353